000 01495nam a22001577a 4500
999 _c527664
_d527664
008 240913b ||||| |||| 00| 0 eng d
100 _aPrakash, Laxmikant Prem
_958147
245 _aChallenges of public health services in Bihar: A case study of Jamui district
260 _aBihar Journal of Public Administration
300 _a21(1), Jan-Jun, 2024: p.202-214
520 _aRight to health is also one of the basic rights of the citizens and ensuring it is state’s prime obligation. Bihar is a state where incidence of poverty is high on one hand and public health services have not been encouraging on the other. Thus, it becomes an urgent imperative to examine the situation of delivery of public health services in the state. The present paper intends to examine the health infrastructure, health personnel and the mechanism of health service delivery. The paper is based on both primary and secondary sources of data collection. Jamui district, one of the most backward districts of state was selected for empirical study. The findings reveal that there is acute shortage of public heath infrastructure and medical personnel. There is urgent need of state to address these problems. http://www.iipabiharbranch.org/upload/BJPA_Vol.%20XXI%20No.%201%20Jan-June.%202024.pdf
650 _aHealth services, Health-infrastructure, PHCs, CHCs, Doctors & ANMs, Jamui, Bihar.
_947631
773 _aBihar Journal of Public Administration
906 _aHEALTH SERVICES
942 _cAR